Okenné konštrukcie a ich význam pri obnove bytového fondu

Bibliographic Details
Main Authors: Longauer, Michal (Author), Horák, Vladimír (Author)
Format: Article
Language:Slovak

MARC

LEADER 00000nab a2200000uu 4500
001 vtls010905739
003 SK-MaSNL
005 20260303142422.0
008 230222|2009 xo |||||||||||||||||slo|
015 |a SNBRB 
035 |a (urnnbn)urn:nbn:sk:snk:ar-a07uzi 
035 |a (uuid)645a20b2-793d-416c-ba66-742d8f575cb2 
035 |a urn:nbn:sk:snk-ab8w8w 
040 |a SNKBUCL  |b slo  |c SNKBUCL  |e AACR2 
041 0 |a slo 
044 |a xo  |c SK 
100 1 |a Longauer, Michal  |4 aut  |9 1162725 
245 1 0 |a Okenné konštrukcie a ich význam pri obnove bytového fondu  |c Michal Longauer, Vladimír Horák 
700 1 |a Horák, Vladimír  |4 aut  |9 272720 
773 0 |t Správa budov : magazín o správe bytových a komerčných nehnuteľností, facility managemente, energetickom manažmente, systémoch riadenia a zabezpečovania budov a technickom servise  |g Roč. 3, č. 5 (2009), s. 18-19 
954 |a odborná, vedecká literatúra pôvodná (slovenská)  |2 lita 
958 |a OND 
958 |a EUIPO 
958 |a article10 
999 |c 1982721  |d 1984651